000 00358nam a2200145Ia 4500
008 150201s2009 xx 000 0 und d
082 _a617.3
_bO09N
100 _aNATRAJAN , M.
245 _aTB. OF ORTHOPAEDICS AND TRAUMATOLOGY
250 _a6TH
260 _bALL INDIA PUB.
_aINDIA
_c2009
300 _a1-139
650 _aORTHOPEDICS
942 _2ddc
_cBK
_02
999 _c1479
_d1479